000
00231nam a2200097Ia 4500
005
20251222153602.0
008
251222s9999||||xx |||||||||||||| ||spa||
082
_a
465/R31
245
0
_a
Gramática de la lengua española
942
_c
LIB
999
_c
31259
_d
31259